[Event "12th Arad Open 2019"]
[Site "Arad ROU"]
[Date "2019.07.25"]
[Round "3.36"]
[White "Ursan, Petru-Sebastian"]
[Black "Ion, Dragos-Cosmin"]
[Result "0-1"]
[WhiteElo "2212"]
[BlackElo "1879"]
[PlyCount "98"]
[EventDate "2019.07.24"]

1. d4 Nf6 2. Nf3 d5 3. g3 e6 4. Bg2 Be7 5. O-O O-O 6. c4 dxc4 7. Ne5 Nc6 8.
Bxc6 bxc6 9. Nxc6 Qe8 10. Nxe7+ Qxe7 11. Qa4 Rd8 12. Qxc4 Rb8 13. Nc3 Nd5 14.
a3 a5 15. e4 Nb6 16. Qc5 Qxc5 17. dxc5 Nc4 18. f4 Ba6 19. Rf2 Rd3 20. Rc2 Rb3
21. Kf2 Kf8 22. Ke1 Ke7 23. Nd1 h5 24. Bd2 h4 25. gxh4 Rf3 26. Bc3 Rxf4 27. Re2
f6 28. Rc1 Rxh4 29. Rcc2 Rg4 30. Kf2 Rb8 31. Kf3 Rh4 32. Rg2 g5 33. Rg4 Rxg4
34. Kxg4 Rd8 35. Rf2 e5 36. b3 Rxd1 37. bxc4 a4 38. Ba5 c6 39. Bc7 Bxc4 40.
Bd6+ Ke6 41. Rb2 Bb3 42. Rf2 Re1 43. Kh5 Rxe4 44. Kg6 Rf4 45. Rd2 Rf3 46. Bf8
Bd5 47. Bg7 Be4+ 48. Kh5 Rh3+ 49. Kg4 Bf5# 0-1

[Event "12th Arad Open 2019"]
[Site "Arad ROU"]
[Date "2019.07.24"]
[Round "1.8"]
[White "Gorodetzky, David"]
[Black "Ion, Dragos-Cosmin"]
[Result "1-0"]
[WhiteElo "2461"]
[BlackElo "1879"]
[PlyCount "69"]
[EventDate "2019.07.24"]

1. c4 Nf6 2. Nc3 e6 3. e4 d5 4. cxd5 exd5 5. e5 Ne4 6. Nf3 Nc6 7. Bb5 Bc5 8.
O-O O-O 9. d4 Bb6 10. h3 Bf5 11. Be3 Ne7 12. Bd3 Qd7 13. Nh4 Nxc3 14. bxc3 Bxd3
15. Qxd3 f6 16. f4 Rae8 17. exf6 Rxf6 18. f5 Rff8 19. g4 c6 20. Nf3 Nc8 21. Ne5
Qd8 22. Kg2 Nd6 23. Bf4 Ne4 24. Rab1 c5 25. Rfe1 c4 26. Qf3 Ba5 27. Rxb7 Qh4
28. Rxe4 dxe4 29. Qe2 Rc8 30. Qxe4 Rfd8 31. Nf3 Qf6 32. Be5 Qc6 33. Rxg7+ Kf8
34. Qf4 Bxc3 35. Qg5 1-0

[Event "Campionatele Nationale de sah pentru co"]
[Site "Calimanesti-Caciulata"]
[Date "2018.04.03"]
[Round "9.10"]
[White "Ion, Dragos-Cosmin"]
[Black "Padurean, Daniel Cristian"]
[Result "0-1"]
[WhiteElo "1852"]
[BlackElo "2017"]
[PlyCount "66"]
[EventDate "2018.03.27"]
[EventRounds "9"]

1. e4 e5 2. Nf3 Nc6 3. Bc4 Nf6 4. d3 Be7 5. O-O O-O 6. Re1 d6 7. a4 Bg4 8. h3
Bxf3 9. Qxf3 Nd4 10. Qd1 c6 11. c3 Ne6 12. Bb3 Re8 13. Nd2 Nc5 14. Bc2 d5 15.
exd5 Qxd5 16. Nf3 e4 17. dxe4 Qxd1 18. Rxd1 Ncxe4 19. Be3 Bc5 20. Bxc5 Nxc5 21.
b4 Nce4 22. c4 Re7 23. Ra3 Rae8 24. Re3 Kf8 25. Nd4 g6 26. Nb3 b6 27. f3 Ng3
28. Rxe7 Rxe7 29. Rd8+ Kg7 30. Bd3 Nfh5 31. Kf2 Nh1+ 32. Kg1 Re1+ 33. Kh2 N1g3
0-1

[Event "Campionatele Nationale de sah pentru co"]
[Site "Calimanesti-Caciulata"]
[Date "2018.04.02"]
[Round "8.9"]
[White "Albu, George"]
[Black "Ion, Dragos-Cosmin"]
[Result "1-0"]
[WhiteElo "1974"]
[BlackElo "1852"]
[PlyCount "87"]
[EventDate "2018.03.27"]
[EventRounds "9"]

1. d4 Nf6 2. c4 e6 3. Nc3 Bb4 4. e3 O-O 5. Bd3 c5 6. Nf3 d5 7. O-O dxc4 8. Bxc4
cxd4 9. exd4 b6 10. Bg5 Bb7 11. Rc1 h6 12. Bh4 Nc6 13. Qd3 Be7 14. a3 Nh5 15.
Bg3 Nxg3 16. hxg3 Bf6 17. Rfd1 Ne7 18. Ne5 g6 19. Ba2 Bxe5 20. dxe5 Qxd3 21.
Rxd3 Rfd8 22. Rcd1 Rxd3 23. Rxd3 Bc6 24. Bc4 Kf8 25. Nb5 Bxb5 26. Bxb5 Nd5 27.
Kf1 Rc8 28. Rd2 g5 29. Bd3 Rc5 30. Ke2 Ne7 31. f4 Nd5 32. Kf3 Rc1 33. Be4 gxf4
34. Bxd5 exd5 35. gxf4 Rc5 36. Kg4 Ke7 37. Kf5 Rb5 38. b4 a5 39. Rd4 axb4 40.
axb4 h5 41. g3 Kf8 42. Kf6 Ke8 43. Kg5 Ke7 44. Kxh5 1-0

[Event "Campionatele Nationale de sah pentru co"]
[Site "Calimanesti-Caciulata"]
[Date "2018.04.01"]
[Round "7.4"]
[White "Ion, Dragos-Cosmin"]
[Black "Sandu, Marian-Catalin"]
[Result "0-1"]
[WhiteElo "1852"]
[BlackElo "2175"]
[PlyCount "76"]
[EventDate "2018.03.27"]
[EventRounds "9"]

1. e4 g6 2. d4 Bg7 3. Nc3 d6 4. f4 Nf6 5. Nf3 a6 6. Bd3 O-O 7. O-O c5 8. dxc5
dxc5 9. Be3 Ng4 10. Bf2 Nxf2 11. Rxf2 Nc6 12. e5 Qa5 13. Ne4 Rd8 14. Qe1 Qxe1+
15. Rxe1 b6 16. Bf1 Bb7 17. c3 h6 18. a4 Rac8 19. Nfd2 Na5 20. b4 cxb4 21. cxb4
Nc6 22. Nc4 Nxb4 23. Nxb6 Rc2 24. Rxc2 Nxc2 25. Re2 Nd4 26. Re1 Ne6 27. g3 g5
28. Bc4 Rd4 29. Bxe6 Bxe4 30. Bc4 gxf4 31. gxf4 Bb7 32. f5 Rg4+ 33. Kf2 Rf4+
34. Kg3 Rxf5 35. e6 Rf3+ 36. Kh4 f5 37. Rf1 Bf6+ 38. Kh5 Kh7 0-1

[Event "Campionatele Nationale de sah pentru co"]
[Site "Calimanesti-Caciulata"]
[Date "2018.03.31"]
[Round "6.11"]
[White "Ion, Dragos-Cosmin"]
[Black "Mortu, Adrian"]
[Result "1-0"]
[WhiteElo "1852"]
[BlackElo "1787"]
[PlyCount "93"]
[EventDate "2018.03.27"]
[EventRounds "9"]

1. d4 d5 2. c4 e6 3. Nc3 c6 4. Nf3 Nf6 5. e3 Be7 6. Qc2 Nbd7 7. b3 a6 8. Bb2
O-O 9. Be2 dxc4 10. bxc4 b5 11. O-O Bb7 12. Rfd1 Qc7 13. c5 Nd5 14. Nxd5 exd5
15. e4 dxe4 16. Qxe4 Nf6 17. Qe5 Qd7 18. Rac1 Nd5 19. Qg3 f6 20. Nd2 Bc8 21.
Bf3 f5 22. Qe5 Rf6 23. Bxd5+ cxd5 24. Nf3 Rg6 25. Re1 Ra7 26. Qe3 f4 27. Qxf4
Qh3 28. g3 Rf6 29. Qe3 Bf5 30. Ng5 Qh5 31. f4 Rh6 32. Qe2 Bg4 33. Qg2 Kf8 34.
Re5 Qg6 35. Rce1 Bxg5 36. fxg5 Rxh2 37. Qxh2 Bf3 38. Qf2 Qh5 39. Qxf3+ Qxf3 40.
Rf1 Qxf1+ 41. Kxf1 Rf7+ 42. Ke2 b4 43. g4 h6 44. gxh6 gxh6 45. Rf5 Rxf5 46.
gxf5 b3 47. axb3 1-0

[Event "Campionatele Nationale de sah pentru co"]
[Site "Calimanesti-Caciulata"]
[Date "2018.03.30"]
[Round "5.10"]
[White "Apahidean, Ioan"]
[Black "Ion, Dragos-Cosmin"]
[Result "0-1"]
[WhiteElo "1898"]
[BlackElo "1852"]
[PlyCount "52"]
[EventDate "2018.03.27"]
[EventRounds "9"]

1. e4 e5 2. Nf3 Nc6 3. Bc4 Bc5 4. O-O Nf6 5. d3 O-O 6. c3 d5 7. exd5 Nxd5 8.
Bg5 f6 9. Be3 Bb6 10. Bxb6 axb6 11. Re1 Bg4 12. Nbd2 Kh8 13. Nf1 Nf4 14. Ne3
Bh5 15. g4 Bg6 16. d4 exd4 17. Nxd4 Nxd4 18. Qxd4 Qxd4 19. cxd4 Rfd8 20. d5 Be4
21. Rad1 Bf3 22. Rd2 g6 23. h3 Nxh3+ 24. Kh2 Ng5 25. d6 Bc6 26. Bd3 Nf3+ 0-1

[Event "Campionatele Nationale de sah pentru co"]
[Site "Calimanesti-Caciulata"]
[Date "2018.03.29"]
[Round "3.6"]
[White "Ciorgovean, Iustin"]
[Black "Ion, Dragos-Cosmin"]
[Result "1-0"]
[WhiteElo "2211"]
[BlackElo "1852"]
[PlyCount "81"]
[EventDate "2018.03.27"]
[EventRounds "9"]

1. c4 c5 2. Nf3 Nc6 3. Nc3 g6 4. e3 Nf6 5. d4 cxd4 6. exd4 d5 7. cxd5 Nxd5 8.
Qb3 e6 9. Bb5 Bg7 10. Bg5 Qb6 11. Na4 Qc7 12. Rc1 Qd6 13. O-O O-O 14. Bxc6 bxc6
15. Nc5 h6 16. Bd2 a5 17. Rfe1 a4 18. Nxa4 Bd7 19. a3 Rfb8 20. Qc2 Rxa4 21.
Qxa4 c5 22. dxc5 Bxa4 23. cxd6 Bxb2 24. Rc5 Rd8 25. Bxh6 Bf6 26. Ng5 Bxg5 27.
Bxg5 Rxd6 28. Ra5 Bc2 29. h3 f6 30. Be3 g5 31. Rc5 Bg6 32. a4 Ra6 33. a5 Kf7
34. Bd2 Ne7 35. Bc3 e5 36. Rd1 Ke6 37. Rb5 Nc8 38. Bb4 Be8 39. Rb7 Bc6 40. Rc7
Ba4 41. Rd8 1-0

[Event "Campionatele Nationale de sah pentru co"]
[Site "Calimanesti-Caciulata"]
[Date "2018.03.29"]
[Round "4.13"]
[White "Ion, Dragos-Cosmin"]
[Black "Carasca, Andrei-Pavel"]
[Result "1/2-1/2"]
[WhiteElo "1852"]
[BlackElo "1486"]
[PlyCount "107"]
[EventDate "2018.03.27"]
[EventRounds "9"]

1. Nf3 d5 2. g3 c5 3. Bg2 Nc6 4. O-O e5 5. d3 f6 6. c4 Nge7 7. cxd5 Nxd5 8. Nc3
Be6 9. Qb3 Qd7 10. Nxe5 Nxc3 11. Nxd7 Nxe2+ 12. Kh1 Bxb3 13. Nxf8 Nxc1 14. axb3
Nxb3 15. Ra3 Nbd4 16. Bxc6+ bxc6 17. Rc3 Rxf8 18. Rxc5 Kd7 19. Rh5 h6 20. Rh4
c5 21. b4 Kd6 22. Rc1 Ne6 23. bxc5+ Nxc5 24. Rd4+ Ke5 25. Rcc4 Rac8 26. f4+ Ke6
27. f5+ Ke5 28. Kg2 Nxd3 29. Rxc8 Ne1+ 30. Kf2 Rxc8 31. Rd7 Kxf5 32. Kxe1 Rc1+
33. Kf2 Ra1 34. Rxg7 h5 35. h3 Ra4 36. Re7 a5 37. Ra7 Ra2+ 38. Kf3 a4 39. Ra5+
Kg6 40. Ra6 Ra1 41. Ra5 a3 42. Kg2 a2 43. h4 Kf7 44. Kh2 Ke7 45. Kg2 Kd6 46.
Ra8 Kc5 47. Ra7 Kb4 48. Ra8 Kb3 49. Rb8+ Kc2 50. Rc8+ Kd2 51. Rd8+ Ke3 52. Re8+
Kd4 53. Rd8+ Ke5 54. Ra8 1/2-1/2

[Event "Campionatele Nationale de sah pentru co"]
[Site "Calimanesti-Caciulata"]
[Date "2018.03.28"]
[Round "2.14"]
[White "Ion, Dragos-Cosmin"]
[Black "Dringa, Dumitru-Constantin"]
[Result "1-0"]
[WhiteElo "1852"]
[BlackElo "1163"]
[PlyCount "103"]
[EventDate "2018.03.27"]
[EventRounds "9"]

1. e4 e5 2. Nf3 Nc6 3. Bb5 a6 4. Ba4 Be7 5. O-O b5 6. Bb3 Nf6 7. d3 d6 8. a3
Na5 9. Ba2 c5 10. Nc3 O-O 11. Nd5 Nxd5 12. Bxd5 Bb7 13. b4 Bxd5 14. exd5 cxb4
15. axb4 Nb7 16. Be3 f5 17. c3 f4 18. Bc1 Rf6 19. Nd2 Rg6 20. Ne4 Qc8 21. Qf3
a5 22. Bd2 a4 23. Rfc1 Nd8 24. c4 Nf7 25. c5 Ng5 26. Nxg5 Bxg5 27. Ra3 Ra6 28.
c6 Bd8 29. d4 Bc7 30. dxe5 dxe5 31. Bc3 Qf8 32. Qe4 Qf6 33. Re1 Rg5 34. Ba1 Ra8
35. Rc3 Qd6 36. Rc5 Rb8 37. Qd3 f3 38. g3 Bb6 39. c7 e4 40. cxb8=Q+ Qxb8 41.
Qxe4 h6 42. Qe8+ Qxe8 43. Rxe8+ Kf7 44. Re5 Bxc5 45. bxc5 Rxe5 46. Bxe5 b4 47.
Kf1 b3 48. Bb2 g5 49. Ke1 h5 50. Kd2 a3 51. Bxa3 Kf6 52. c6 1-0

[Event "Campionatele Nationale de sah pentru co"]
[Site "Calimanesti-Caciulata"]
[Date "2018.03.27"]
[Round "1.7"]
[White "Zubcu, Vlad-George"]
[Black "Ion, Dragos-Cosmin"]
[Result "1-0"]
[WhiteElo "2156"]
[BlackElo "1852"]
[PlyCount "51"]
[EventDate "2018.03.27"]
[EventRounds "9"]

1. d4 Nf6 2. Bg5 d5 3. Bxf6 gxf6 4. g3 c5 5. e3 Nc6 6. c3 Bf5 7. Bg2 e6 8. Ne2
Qb6 9. b3 Rc8 10. O-O cxd4 11. exd4 Bd6 12. c4 dxc4 13. bxc4 Qd8 14. d5 Ne5 15.
Nd2 Qb6 16. dxe6 fxe6 17. Ne4 Bxe4 18. Bxe4 f5 19. Rb1 Qd8 20. Bxb7 Rxc4 21.
Nd4 Qe7 22. Nxe6 Qxe6 23. Bd5 Qd7 24. Bxc4 Nxc4 25. Re1+ Kf8 26. Qd4 1-0

[Event "10th Arad Open 2017"]
[Site "Arad ROU"]
[Date "2017.08.06"]
[Round "1.21"]
[White "Ion, Dragos-Cosmin"]
[Black "Sanduleac, Vasile"]
[Result "0-1"]
[WhiteElo "1887"]
[BlackElo "2403"]
[PlyCount "184"]
[EventDate "2017.??.??"]

1. d4 d6 2. Nf3 Bg4 3. c4 Bxf3 4. exf3 c6 5. Nc3 Nf6 6. d5 g6 7. Bd3 Bg7 8. O-O
O-O 9. Be3 Na6 10. Re1 Nc7 11. Bf1 e6 12. dxc6 bxc6 13. Qa4 Qd7 14. Rad1 d5 15.
Qa5 Rfb8 16. Na4 Bf8 17. Nc5 Qe7 18. b3 Nce8 19. g3 Nd6 20. Na6 Rc8 21. Bd4 Nd7
22. cxd5 cxd5 23. Nb4 Nf5 24. Nxd5 Qa3 25. Qxa3 Bxa3 26. Nf6+ Nxf6 27. Bxf6 Be7
28. Bxe7 Nxe7 29. Bc4 Rc7 30. Rd2 a5 31. a4 Raa7 32. Red1 Kg7 33. f4 Nc8 34.
Bb5 Nb6 35. Rd6 Nd5 36. Bc4 Nc3 37. R1d4 Kf6 38. Kg2 Ke7 39. Rb6 Rc5 40. Kf3 h5
41. h4 Rac7 42. Bd3 Nd5 43. Rb8 Rc3 44. Ke2 Nb4 45. Bb5 Rxb3 46. Ra8 Rb2+ 47.
Rd2 Rcc2 48. Rxc2 Rxc2+ 49. Kf3 Rc3+ 50. Kg2 Nd5 51. Rxa5 Ra3 52. Ra7+ Kf8 53.
a5 Nc3 54. Bc6 Ra2 55. Bf3 Nb5 56. Ra8+ Kg7 57. Bc6 Nd4 58. Be8 Kf8 59. Bd7+
Ke7 60. Bc8 Nb5 61. a6 Nc7 62. Ra7 Kd8 63. Bb7 Kd7 64. Bf3 Kd6 65. Kf1 Ra1+ 66.
Ke2 f5 67. Bb7 Kc5 68. Bc8 Kd6 69. Rb7 Rxa6 70. Rb8 Ra2+ 71. Kf3 Nd5 72. Rb7
Nf6 73. Kg2 Ng4 74. Rg7 Rxf2+ 75. Kg1 Rf3 76. Kg2 Rc3 77. Ba6 Rc2+ 78. Kg1 Ra2
79. Bb5 Kc5 80. Be8 Kd4 81. Rb7 Ne3 82. Rb4+ Kc3 83. Rb6 Rg2+ 84. Kh1 Rxg3 85.
Rxe6 Kd2 86. Bxg6 Ke2 87. Bxh5+ Kf2 88. Rxe3 Kxe3 89. Kh2 Kxf4 90. Bf7 Rg7 91.
Be6 Kg4 92. h5 Rh7 0-1

[Event "27th Seacoast Trophy 2017"]
[Site "Eforie Nord ROU"]
[Date "2017.06.19"]
[Round "1.1"]
[White "Istratescu, Andrei"]
[Black "Ion, Dragos-Cosmin"]
[Result "1-0"]
[WhiteElo "2593"]
[BlackElo "1834"]
[PlyCount "63"]
[EventDate "2017.06.19"]

1. d4 Nf6 2. c4 e6 3. Nf3 Bb4+ 4. Nbd2 O-O 5. a3 Bxd2+ 6. Qxd2 d6 7. b4 Qe7 8.
Bb2 Nbd7 9. e3 e5 10. Qc2 a5 11. Be2 axb4 12. axb4 Rxa1+ 13. Bxa1 b6 14. O-O
Bb7 15. Bb2 Ra8 16. Rc1 c5 17. bxc5 bxc5 18. d5 Bc8 19. Nd2 Nb6 20. Bd3 g6 21.
Rb1 Ra6 22. Nf1 Qa7 23. f4 Nfd7 24. Ng3 Ra2 25. Ne4 Qc7 26. fxe5 dxe5 27. Nc3
Ra8 28. Nb5 Qd8 29. Rf1 Ba6 30. Nd6 f5 31. Bxf5 Qe7 32. Be6+ 1-0

[Event "Finala Campionatului National Individua"]
[Site "Calimanesti"]
[Date "2017.04.02"]
[Round "9.31"]
[White "Secrieru, Andrei-Cristian"]
[Black "Ion, Dragos-Cosmin"]
[Result "1/2-1/2"]
[WhiteElo "1822"]
[BlackElo "1810"]
[PlyCount "47"]
[EventDate "2017.03.25"]
[EventRounds "9"]

1. d4 Nf6 2. c4 e6 3. Nc3 Bb4 4. Qc2 Nc6 5. Nf3 d6 6. e4 Bxc3+ 7. bxc3 O-O 8.
Bd3 e5 9. d5 Nb8 10. Bg5 Nbd7 11. Nd2 Re8 12. O-O h6 13. Bh4 Nf8 14. Rfe1 Ng6
15. Bxf6 Qxf6 16. g3 Rf8 17. Bf1 Qd8 18. Bg2 b6 19. Rf1 f5 20. exf5 Bxf5 21.
Be4 Qg5 22. Bxf5 Qxf5 23. Qxf5 Rxf5 24. Rae1 1/2-1/2

[Event "Finala Campionatului National Individua"]
[Site "Calimanesti"]
[Date "2017.03.29"]
[Round "5.32"]
[White "Hanga, Wylly"]
[Black "Ion, Dragos-Cosmin"]
[Result "1/2-1/2"]
[WhiteElo "1951"]
[BlackElo "1810"]
[PlyCount "64"]
[EventDate "2017.03.25"]
[EventRounds "9"]

1. e4 e5 2. Nf3 Nc6 3. Bb5 a6 4. Bxc6 dxc6 5. O-O Bd6 6. h3 Ne7 7. d4 exd4 8.
Qxd4 f6 9. Qc4 b5 10. Qb3 c5 11. a4 c4 12. Qe3 Bb7 13. axb5 axb5 14. Rxa8 Qxa8
15. Nc3 Qa5 16. Nd4 b4 17. Ncb5 Bc5 18. Qg3 Bxd4 19. Nxd4 Qe5 20. Qxe5 fxe5 21.
Nf3 Nc6 22. Be3 Ke7 23. Ra1 h6 24. Nd2 c3 25. bxc3 bxc3 26. Nb1 Nd4 27. Nxc3
Nxc2 28. Ra7 Rb8 29. Bc5+ Kd7 30. Ra2 Kc6 31. Rxc2 Kxc5 32. Nd5+ Kd6 1/2-1/2

[Event "Finala Campionatului National Individua"]
[Site "Calimanesti"]
[Date "2017.03.27"]
[Round "3.34"]
[White "Maier, Marius-Alin"]
[Black "Ion, Dragos-Cosmin"]
[Result "1/2-1/2"]
[WhiteElo "1991"]
[BlackElo "1810"]
[PlyCount "85"]
[EventDate "2017.03.25"]
[EventRounds "9"]

1. e4 c5 2. Nf3 d6 3. Bb5+ Nd7 4. O-O Ngf6 5. Re1 a6 6. Bf1 g6 7. c3 Bg7 8. d4
O-O 9. a4 b6 10. e5 Ne8 11. Bf4 Bb7 12. Nbd2 cxd4 13. cxd4 dxe5 14. dxe5 Nc7
15. Bc4 Nc5 16. Qe2 Bc6 17. Nb3 N7e6 18. Be3 Nxa4 19. Bxe6 fxe6 20. Nfd4 Qd5
21. Nxc6 Qxc6 22. Nd4 Qd7 23. Qc4 b5 24. Qxe6+ Qxe6 25. Nxe6 Rfc8 26. Nxg7 Kxg7
27. b3 Nc5 28. Bxc5 Rxc5 29. b4 Rc4 30. Rab1 a5 31. bxa5 Rxa5 32. g3 b4 33. Rb2
Rb5 34. Re3 g5 35. Kg2 Kg6 36. Kf3 Kf5 37. e6 Rb6 38. Rbe2 b3 39. Rb2 g4+ 40.
Kg2 Rcb4 41. Kf1 h6 42. Kg2 R4b5 43. h3 1/2-1/2

[Event "Campionatul National de sah al Romaniei"]
[Site "Baile Felix"]
[Date "2017.02.09"]
[Round "9.13"]
[White "Chioran, Andrei-Ovidiu"]
[Black "Ion, Dragos-Cosmin"]
[Result "1/2-1/2"]
[WhiteElo "1839"]
[BlackElo "1843"]
[PlyCount "266"]
[EventDate "2017.02.02"]
[EventRounds "9"]

1. e4 e5 2. Nf3 Nc6 3. Bc4 Nf6 4. Ng5 d5 5. exd5 Na5 6. Bb5+ c6 7. dxc6 bxc6 8.
Qf3 h6 9. Ne4 Nd5 10. Be2 Be7 11. O-O O-O 12. d3 f5 13. Nec3 Bb7 14. Qg3 Qd6
15. f4 Bf6 16. Kh1 Rae8 17. Nxd5 cxd5 18. Bh5 Rc8 19. Qf2 d4 20. fxe5 Bxe5 21.
Na3 Bd5 22. Bf4 Nc6 23. Qg3 Bxf4 24. Qxf4 Qxf4 25. Rxf4 g5 26. Rf2 Nb4 27. b3
Rc6 28. Re1 Ra6 29. Nb5 Rxa2 30. Nxd4 Nxd3 31. Rfe2 Nxe1 32. Rxe1 Be4 33. Bf3
g4 34. Bxe4 fxe4 35. Kg1 Re8 36. Kf2 Kg7 37. Kg3 h5 38. Kf4 Kf6 39. Re2 a5 40.
Nb5 e3 41. Nc3 Ra1 42. Nd5+ Kg6 43. Nxe3 a4 44. bxa4 Rxa4+ 45. Kg3 Rae4 46. Kf2
Kg5 47. c4 h4 48. c5 R4e5 49. c6 Rc5 50. Rd2 Rxc6 51. Rd5+ Kg6 52. Nxg4 Rc2+
53. Kf3 Rf8+ 54. Ke3 Rxg2 55. Ne5+ Kh6 56. Nf3 Rg4 57. Rd6+ Kg7 58. Rd7+ Kg8
59. Rd5 Ra4 60. Rd3 Raf4 61. Kf2 Kg7 62. Kg2 R8f5 63. Nd4 Rf6 64. Kh3 Kg6 65.
Ne2 Re4 66. Nc3 Rc4 67. Nd5 Rf2 68. Ne3 Re4 69. Ng2 Ree2 70. Nxh4+ Kg5 71. Rd5+
Kf6 72. Kg4 Rxh2 73. Rd4 Ra2 74. Rf4+ Ke6 75. Re4+ Kd5 76. Rf4 Rh1 77. Kf5 Re1
78. Nf3 Re8 79. Kg6 Rg2+ 80. Kf5 Rgg8 81. Rd4+ Kc5 82. Rd3 Kc4 83. Ra3 Rgf8+
84. Kg6 Rg8+ 85. Kf7 Rgf8+ 86. Kg7 Rf5 87. Ra4+ Kd3 88. Nh4 Rf1 89. Ra3+ Kc4
90. Ra4+ Kb5 91. Rg4 Rff8 92. Rg6 Rf4 93. Rg5+ Kc6 94. Ng6 Rf1 95. Rg2 Re3 96.
Rg4 Kd5 97. Rg5+ Kd6 98. Ra5 Rc3 99. Ra6+ Rc6 100. Ra7 Rc7+ 101. Rxc7 Kxc7 102.
Nh4 Kd7 103. Ng6 Ke8 104. Ne5 Rf5 105. Ng6 Rf7+ 106. Kh6 Rf5 107. Kg7 Kd7 108.
Nf8+ Kd6 109. Ng6 Ke6 110. Nf8+ Ke5 111. Ng6+ Ke4 112. Ne7 Rf1 113. Ng6 Kf5
114. Nh8 Ke6 115. Ng6 Rg1 116. Kh7 Kf6 117. Nf4 Rg4 118. Nh5+ Kf7 119. Kh6 Rg2
120. Nf4 Rg1 121. Ne2 Rg2 122. Nf4 Kf6 123. Nh5+ Kf7 124. Nf4 Rg4 125. Nh5 Kf8
126. Nf6 Rg1 127. Nh5 Ke7 128. Ng7 Kf7 129. Nh5 Rg4 130. Kh7 Rg6 131. Nf4 Rg4
132. Nh5 Rh4 133. Kh6 Rxh5+ 1/2-1/2

[Event "Campionatul National de sah al Romaniei"]
[Site "Baile Felix"]
[Date "2017.02.08"]
[Round "8.15"]
[White "Radulescu, Vlad-Andrei"]
[Black "Ion, Dragos-Cosmin"]
[Result "1/2-1/2"]
[WhiteElo "1420"]
[BlackElo "1843"]
[PlyCount "145"]
[EventDate "2017.02.02"]
[EventRounds "9"]

1. e4 e5 2. Nf3 Nc6 3. Bc4 Nf6 4. Nc3 Be7 5. d3 d6 6. h3 O-O 7. Be3 Na5 8. Bb3
Nxb3 9. axb3 a6 10. O-O Re8 11. Nh2 d5 12. exd5 Nxd5 13. Nxd5 Qxd5 14. Qf3 Qb5
15. Qg3 Bf8 16. Rfe1 Qc6 17. Re2 f6 18. Qf3 Bd7 19. Qxc6 Bxc6 20. f3 a5 21. Bf2
b6 22. Rc1 Kf7 23. d4 exd4 24. Rxe8 Bxe8 25. Bxd4 a4 26. Ra1 c5 27. Be3 b5 28.
Nf1 Bc6 29. bxa4 bxa4 30. Nd2 Rb8 31. b3 axb3 32. Nxb3 c4 33. Nd4 Bd5 34. c3 g6
35. Kf2 f5 36. Kf1 Be7 37. Ke2 Rb7 38. Kf1 Bf6 39. Kg1 Be5 40. Kf1 f4 41. Bf2
Bf6 42. Kg1 Kg7 43. Kf1 Bf7 44. Kg1 g5 45. Kh1 Rb2 46. Kg1 Rd2 47. Ra3 Rd1+ 48.
Kh2 Kg6 49. Nb5 Rd3 50. Bd4 Bxd4 51. Nxd4 Kf6 52. Ra6+ Ke5 53. Ra5+ Bd5 54.
Nc6+ Ke6 55. Nd4+ Ke5 56. Ra2 Rxd4 57. cxd4+ Kxd4 58. h4 gxh4 59. Kh3 c3 60.
Kxh4 c2 61. Ra1 Kc3 62. Kg4 Be6+ 63. Kg5 Ba2 64. Rh1 Bc4 65. Ra1 Bd3 66. Rc1
Kd2 67. Ra1 c1=Q 68. Rxc1 Kxc1 69. Kxf4 Kd2 70. Kg5 Ke3 71. f4 Kf2 72. g4 Kg3
73. f5 1/2-1/2

[Event "Campionatul National de sah al Romaniei"]
[Site "Baile Felix"]
[Date "2017.02.07"]
[Round "7.15"]
[White "Ion, Dragos-Cosmin"]
[Black "Coman, Andrei-Alexandru"]
[Result "1/2-1/2"]
[WhiteElo "1843"]
[BlackElo "1772"]
[PlyCount "83"]
[EventDate "2017.02.02"]
[EventRounds "9"]

1. e4 c5 2. Nf3 d6 3. Bb5+ Nd7 4. O-O a6 5. Bxd7+ Qxd7 6. d4 cxd4 7. Qxd4 Nf6
8. c4 e6 9. Nc3 Be7 10. Bg5 O-O 11. Rfd1 Rd8 12. Rac1 Qc7 13. h3 h6 14. Bh4 b6
15. Na4 Rb8 16. Bg3 e5 17. Qe3 Bb7 18. Nd2 Bc6 19. Nc3 Rdc8 20. Qe2 Nd7 21. f4
f6 22. f5 Qb7 23. b4 b5 24. cxb5 Bxb5 25. Nxb5 Qxb5 26. Rxc8+ Rxc8 27. Qxb5
axb5 28. Nb3 Rc2 29. Rc1 Rxc1+ 30. Nxc1 d5 31. exd5 Bxb4 32. Bf2 Bc5 33. Nd3
Bxf2+ 34. Kxf2 Kf8 35. d6 Nb6 36. Nc5 Ke8 37. Ke3 Nc4+ 38. Kf3 Nxd6 39. Ne6 Kf7
40. g4 g6 41. Nd8+ Kg7 42. Ne6+ 1/2-1/2

[Event "Campionatul National de sah al Romaniei"]
[Site "Baile Felix"]
[Date "2017.02.05"]
[Round "5.7"]
[White "Ion, Dragos-Cosmin"]
[Black "Colac, Marius-Daniel"]
[Result "0-1"]
[WhiteElo "1843"]
[BlackElo "1985"]
[PlyCount "68"]
[EventDate "2017.02.02"]
[EventRounds "9"]

1. Nf3 f5 2. d4 Nf6 3. g3 g6 4. Bg2 Bg7 5. O-O O-O 6. c4 d6 7. Nc3 Qe8 8. d5
Na6 9. Qc2 Nc5 10. Rb1 Nfe4 11. Nd2 Nxc3 12. bxc3 Qa4 13. Nb3 Qxc4 14. Bd2 Ne4
15. Bxe4 fxe4 16. Na5 Qxd5 17. c4 Qf5 18. Rb5 Qg4 19. Be3 a6 20. Rb4 b6 21. Nc6
Bf6 22. Rd1 a5 23. Rbb1 Bb7 24. Nd4 e5 25. Nb5 Rf7 26. Nc3 Raf8 27. c5 dxc5 28.
Bxc5 Be7 29. Be3 Bg5 30. Bxg5 Qxg5 31. Nxe4 Bxe4 32. Qxe4 Rxf2 33. Qc4+ Kh8 34.
Rd3 Qh5 0-1

[Event "Campionatul National de sah al Romaniei"]
[Site "Baile Felix"]
[Date "2017.02.05"]
[Round "4.6"]
[White "Paraschiv, Paul-Alexandru"]
[Black "Ion, Dragos-Cosmin"]
[Result "1/2-1/2"]
[WhiteElo "2007"]
[BlackElo "1843"]
[PlyCount "153"]
[EventDate "2017.02.02"]
[EventRounds "9"]

1. d4 Nf6 2. Nf3 d5 3. Bf4 c5 4. e3 Nc6 5. c3 cxd4 6. exd4 Bg4 7. Nbd2 e6 8.
Bd3 Bd6 9. Bg3 O-O 10. O-O Bxg3 11. hxg3 Rb8 12. Qc2 Qc7 13. Rfe1 Rfc8 14. Rac1
Qd6 15. Qa4 Nd7 16. Ne5 Bh5 17. Nxc6 bxc6 18. b4 a5 19. a3 axb4 20. cxb4 Ra8
21. Qb3 Bg6 22. Bf1 e5 23. dxe5 Nxe5 24. Rc3 d4 25. Rc5 Nd7 26. Rcc1 Bf5 27.
Nf3 c5 28. Bc4 Qf6 29. Red1 Bg4 30. bxc5 Nxc5 31. Bxf7+ Qxf7 32. Qxf7+ Kxf7 33.
Ne5+ Ke6 34. Nxg4 d3 35. Rc3 Ra4 36. Ne3 Rd4 37. Nc2 Rdd8 38. Nb4 d2 39. f3 Nb3
40. Rxb3 Rc1 41. Rb1 Rxb1 42. Rxb1 d1=Q+ 43. Rxd1 Rxd1+ 44. Kh2 Ra1 45. Nc2 Ra2
46. Nd4+ Kf6 47. Nb5 Rb2 48. Nc7 Ra2 49. Nb5 h5 50. Nd6 Rxa3 51. Ne8+ Kg6 52.
Nd6 Rd3 53. Ne4 Kf5 54. g4+ hxg4 55. Nf2 Rd2 56. Nxg4 Kf4 57. Kh3 Rd1 58. Nf2
Rd6 59. Kh2 Rd2 60. Nh3+ Kf5 61. Kg3 g5 62. Nf2 Ra2 63. Ng4 Ra4 64. Nf2 Ra3 65.
Ng4 Rb3 66. Nh6+ Kg6 67. Ng4 Rb5 68. Ne3 Rb3 69. Ng4 Ra3 70. Kh3 Ra6 71. Kg3
Kf5 72. Ne3+ Kg6 73. Kh3 Re6 74. Ng4 Re1 75. Kg3 Re2 76. Kh3 Kf5 77. Kg3
1/2-1/2

[Event "Campionatul National de sah al Romaniei"]
[Site "Baile Felix"]
[Date "2017.02.04"]
[Round "3.12"]
[White "Ion, Dragos-Cosmin"]
[Black "Gotsman, Szabolcs-Mihaly"]
[Result "1-0"]
[WhiteElo "1843"]
[BlackElo "1260"]
[PlyCount "59"]
[EventDate "2017.02.02"]
[EventRounds "9"]

1. e4 c5 2. Nf3 e6 3. d4 cxd4 4. Nxd4 a6 5. Bd3 Qc7 6. Qe2 d6 7. c4 Nf6 8. Nc3
Nbd7 9. O-O Be7 10. f4 Nc5 11. Bd2 b6 12. Rae1 O-O 13. Bc2 Re8 14. e5 Nfd7 15.
b4 Nb7 16. Nxe6 Qb8 17. Nxg7 Kxg7 18. Qh5 Nf8 19. f5 Kg8 20. f6 Ng6 21. fxe7
Rxe7 22. Nd5 Rxe5 23. Rxe5 dxe5 24. Nf6+ Kf8 25. Bh6+ Ke7 26. Nd5+ Ke8 27. Bxg6
hxg6 28. Qg5 Qd6 29. Rd1 Qc6 30. Nc7+ 1-0

[Event "Campionatul National de sah al Romaniei"]
[Site "Baile Felix"]
[Date "2017.02.03"]
[Round "2.15"]
[White "Dorobantu, Andrei-Ovidiu"]
[Black "Ion, Dragos-Cosmin"]
[Result "0-1"]
[WhiteElo "1639"]
[BlackElo "1843"]
[PlyCount "73"]
[EventDate "2017.02.02"]
[EventRounds "9"]

1. c4 e5 2. g3 Nc6 3. Bg2 f5 4. e3 Nf6 5. Ne2 Be7 6. O-O O-O 7. d4 d6 8. b3 Qe8
9. Bb2 e4 10. Nbc3 g5 11. Qd2 Qg6 12. f3 Bd7 13. fxe4 fxe4 14. Nb5 Bd8 15. d5
Ne5 16. Bxe5 dxe5 17. Nec3 a6 18. Na3 Be7 19. Nc2 b5 20. cxb5 Bxb5 21. Nxb5
axb5 22. Nb4 Bd6 23. Nc6 h5 24. a4 bxa4 25. Rxa4 Nd7 26. Bxe4 Rxf1+ 27. Kxf1
Qf7+ 28. Kg1 Rf8 29. Ra1 Nc5 30. Bc2 e4 31. Qe2 g4 32. Nb4 Qg7 33. Rf1 Rf3 34.
Na6 Qe5 35. Nxc5 Bxc5 36. Rxf3 exf3 37. Kf2 0-1